000 00675nam a2200217 a 4500
001 54727
003 BD-RjUL
005 20211209080148.0
008 161109s1957 nyua 001 0 eng d
035 _a(BD-RjUL)54849
040 _aYNG
_cYNG
_dEQO
_dBD-RjUL
_beng
041 _aeng
082 _223
_a956
_bHOM 1957
100 1 _aHoskins, Halford L.
_d1891-1967.
_9163167
245 1 4 _aThe Middle East, problem area in world politics /
_c[by] Halford L. Hoskins
260 _aNew York :
_bMacmillan,
_cc1954 [printing 1957].
300 _avi, 311 p. :
_bill. ;
_c22 cm.
500 _aIncludes index
650 _aPolitics and government
_zMiddle East
_9163168
942 _2ddc
_cBK
999 _c54727
_d54727